Caledonian Sleeper Stations Quiz - Statistics

General Stats
  • This quiz has been taken 13 times
    10 since last reset
  • The average score is 37 of 48
Answer Stats
Answer % Correct
Aberdeen
100%
London Euston
100%
Carlisle
89%
Crewe
89%
Dundee
89%
Edinburgh Waverley
89%
Fort William
89%
Glasgow Central
89%
Glasgow Queen Street
89%
Inverness
89%
Motherwell
89%
Preston
89%
Stirling
89%
Watford Junction
89%
Arbroath
78%
Aviemore
78%
Blair Atholl
78%
Carnoustie
78%
Carstairs
78%
Dalmuir
78%
Dumbarton Central
78%
Dunblane
78%
Falkirk Grahamston
78%
Gleneagles
78%
Helensburgh Upper
78%
Inverkeithing
78%
Kingussie
78%
Kirkcaldy
78%
Leuchars
78%
Montrose
78%
Newtonmore
78%
Perth
78%
Pitlochry
78%
Roy Bridge
78%
Spean Bridge
78%
Stonehaven
78%
Carrbridge
67%
Corrour
67%
Crianlarich
67%
Dalwhinnie
67%
Dunkeld & Birnam
67%
Tulloch
67%
Upper Tyndrum
67%
Ardlui
56%
Arrochar & Tarbet
56%
Bridge of Orchy
56%
Garelochhead
56%
Rannoch
56%
No matching quizzes found
Score Distribution
Percent of People with Each Score
Percentile by Number Answered
Your Score History
You have not taken this quiz since the last reset